000 01237nam a2200229Ia 4500
001 L239-11232
003 IT-CnALBA
008 170116s9999||||xx |||||||||||||| ||und||
040 _aIT-CnALBA
_cIT-CnALBA
041 _aITALIANO
100 _aJOURNET CHARLES, CARDINALE
245 0 _aVERITÀ DI PASCAL SAGGIO SUL VALORE APOLOGETICO DEI PENSIERI
250 _a1a ed.
260 _aCINISELLO BALSAMO (MI)
_bEDIZIONI PAOLINE
_c1960 [1° Ed.:1960]
300 _a281 p. (prefazione: 9)
500 _aPENSIERO CRISTIANO MODERNO. TRADUZIONE DAL FRANCESE DI C. MIGGIANO DI SCIPIO. LA SCOMMESSA ESPEDIENTE DELL'APOLOGIA. PECCATO ORIGINALE NODO DELL'APOLOGIA. PENSIERO DI PASCAL E S. TOMMASO. APOLOGETICA CRISTIANA. VITA DI GESÙ CRISTO E DELLA CHIESA. FEDE DI
501 _aSocietà San Paolo EM - Piazza San Paolo, 14 - 12051 ALBA (CN) (non commercial uses only) ® Copyright 2017
520 _aPENSIERO CRISTIANO MODERNO. TRADUZIONE DAL FRANCESE DI C. MIGGIANO DI SCIPIO. LA SCOMMESSA ESPEDIENTE DELL'APOLOGIA. PECCATO ORIGINALE NODO DELL'APOLOGIA. PENSIERO DI PASCAL E S. TOMMASO. APOLOGETICA CRISTIANA. VITA DI GESÙ CRISTO E DELLA CHIESA. FEDE DI
650 _aAPOLOGETICA E CONTROVERSIE
942 _cBK
957 _71
999 _a15985
_bNO
_g Copie: 1
_c270409
_d270409